00391nam a2200157Ia 4500001000500000005001700005008004100022041000800063082001300071100004100084245005500125260000900180300002800189650000800217654000800225986620260306161750.0260306t1992||||xx |||||||||||||| ||spa|| aESP a803bR74 aRodríguez Rea, Miguel ÁngeleAUT 0aEl Perú y su literatura:bguía bibliográfica c1992 a251 páginas :c24 cm. aGEN aCHU